LIBRARY ONLINE CATALOGUE

Cunningham's manual of practical anatomy / (Record no. 17537)

MARC details
000 -LEADER
fixed length control field 00948nam a22002772 4500
001 - CONTROL NUMBER
control field 0000018861
003 - CONTROL NUMBER IDENTIFIER
control field OSt
005 - DATE AND TIME OF LATEST TRANSACTION
control field 20190307124351.0
008 - FIXED-LENGTH DATA ELEMENTS--GENERAL INFORMATION
fixed length control field 100810s xx 000 0 eng d
020 ## - INTERNATIONAL STANDARD BOOK NUMBER
International Standard Book Number 0198749370 v. 2 c. 1 :
040 ## - CATALOGING SOURCE
Original cataloging agency KABU
Transcribing agency KABU
050 ## - LIBRARY OF CONGRESS CALL NUMBER
Classification number QM23.2
Item number .C86 2017 v. 2 c. 1
100 1# - MAIN ENTRY--PERSONAL NAME
Personal name Koshi, Rachel
245 10 - TITLE STATEMENT
Title Cunningham's manual of practical anatomy /
Statement of responsibility, etc. D. J. Cunningham.
Remainder of title Thorax and abdomen
250 ## - EDITION STATEMENT
Edition statement 16th ed. /
Remainder of edition statement G. J. Romanes.
260 ## - PUBLICATION, DISTRIBUTION, ETC. (IMPRINT)
Place of publication, distribution, etc. Oxford :
Name of publisher, distributor, etc. O. U. P.,
Date of publication, distribution, etc. 2017.
300 ## - PHYSICAL DESCRIPTION
Extent ix, 328 p.
505 0# - FORMATTED CONTENTS NOTE
Formatted contents note v. 1 Upper and lower limbs - v. 2 Thorax and abdomen - v. 3 Head and neck and brain.
650 #0 - SUBJECT ADDED ENTRY--TOPICAL TERM
Topical term or geographic name as entry element Anatomy, Human.
650 #0 - SUBJECT ADDED ENTRY--TOPICAL TERM
Topical term or geographic name as entry element Dissection.
908 ## - PUT COMMAND PARAMETER (RLIN)
Put command parameter 100810
942 ## - ADDED ENTRY ELEMENTS (KOHA)
Source of classification or shelving scheme Library of Congress Classification
Koha item type General Collection
Classification part QM23.2
Holdings
Withdrawn status Lost status Source of classification or shelving scheme Not for loan Home library Current library Date acquired Cost, normal purchase price Total Checkouts Full call number Barcode Date last seen Date last checked out Copy number Price effective from Koha item type
    Library of Congress Classification   Kabarak, Main Campus Kabarak, Main Campus 07/03/2019 3017.24 13 QM23.2 .C86 2017 v. 2 c. 1 023000 21/08/2024 12/08/2024 c. 1 07/03/2019 General Collection